|
|
|
|
| LEADER |
00000nam0a2200000 4500 |
| 001 |
272060 |
| 005 |
20231101234509.0 |
| 035 |
|
|
|a (RuTPU)RU\TPU\book\295265
|
| 090 |
|
|
|a 272060
|
| 100 |
|
|
|a 20141015d1963 k y0rusy50 ca
|
| 101 |
0 |
|
|a rus
|
| 102 |
|
|
|a RU
|
| 105 |
|
|
|a a z 001zy
|
| 200 |
1 |
|
|a Опыт бурения геологоразведочных скважин в мерзлых породах
|f А. В. Марамзин
|
| 210 |
|
|
|a Москва
|c Госгеолтехиздат
|d 1963
|
| 215 |
|
|
|a 72 с.
|c ил.
|
| 320 |
|
|
|a Библиогр.: с. 71-72.
|
| 606 |
1 |
|
|a Геологоразведочные работы
|2 stltpush
|3 (RuTPU)RU\TPU\subj\6133
|9 34090
|
| 610 |
1 |
|
|a разведочное бурение
|
| 610 |
1 |
|
|a скважины
|
| 610 |
1 |
|
|a мерзлые породы
|
| 610 |
1 |
|
|a режимы бурения
|
| 610 |
1 |
|
|a разрушения
|
| 610 |
1 |
|
|a крепление
|
| 610 |
1 |
|
|a обсадные трубы
|
| 610 |
1 |
|
|a цементирование
|
| 610 |
1 |
|
|a ликвидация
|
| 610 |
1 |
|
|a буровые вышки
|
| 610 |
1 |
|
|a буровые работы
|
| 610 |
1 |
|
|a техника безопасности
|
| 675 |
|
|
|a 550.8
|v 3
|
| 700 |
|
1 |
|a Марамзин
|b А. В.
|g Александр Васильевич
|
| 801 |
|
1 |
|a RU
|b 63413507
|c 20141015
|
| 801 |
|
2 |
|a RU
|b 63413507
|c 20210526
|g RCR
|
| 942 |
|
|
|c BK
|